| 000 | 00451nam a2200181Ia 4500 | ||
|---|---|---|---|
| 005 | 20250423094816.0 | ||
| 008 | 250422s9999 xx 000 0 und d | ||
| 020 | _a9789789310869 | ||
| 050 | _aPE 1408 .C66/ | ||
| 100 | _aEdited by Alexander Kure & Upah Butari Nahum | ||
| 245 | 0 | _aCommunication in english | |
| 260 | _aKaduna | ||
| 260 | _bPyla-mak Services Limited. | ||
| 260 | _c2013 | ||
| 300 | _a393 p | ||
| 650 | _aEnglish | ||
| 942 | _cBK | ||
| 999 |
_c28355 _d28355 |
||